000 00318nam a2200145Ia 4500
008 191201s2009 xx 000 0 und d
082 _a658.80285
_bMAE
100 _aMANN,Puja walia
245 0 _aE-Commerce
250 _aRep
260 _aChennai
_bMJP
_c2009
300 _a389
650 _aMBA
942 _2ddc
_cBK
_03
999 _c4366
_d4366